Politika konkurencieschopnosti v podmienkach EÚ a prieskum trhu

Konkurencieschopnosť podporovaná prieskumom trhu. Voľba metódy prieskumu trhu ovplyvnená odlišnými ekonomickými, demografickými, klimatickými a sociálnymi podmienkami. Vývoj prieskumu trhu v slovenských výskumných agentúrach. Pohľad na situáciu konkurencieschopnosti a prieskumu trhu v EÚ.

Gespeichert in:
Bibliographische Detailangaben
1. Verfasser: Hrušovská, Dana, 1964-
Format: Buchkapitel
Sprache:Slowakisch
Schlagworte:
Tags: Tag hinzufügen
Keine Tags, Fügen Sie das erste Tag hinzu!

MARC

LEADER 00000nla$a2200000$$$4500
001 0067114
005 20240521073536.1
041 0 |a slo 
044 |a SK 
245 1 0 |a Politika konkurencieschopnosti v podmienkach EÚ a prieskum trhu  |c Dana Hrušovská 
520 |a Konkurencieschopnosť podporovaná prieskumom trhu. Voľba metódy prieskumu trhu ovplyvnená odlišnými ekonomickými, demografickými, klimatickými a sociálnymi podmienkami. Vývoj prieskumu trhu v slovenských výskumných agentúrach. Pohľad na situáciu konkurencieschopnosti a prieskumu trhu v EÚ. 
610 2 0 |a trh 
610 2 0 |a prieskum trhu 
610 2 0 |a konkurencieschopnosť 
610 2 0 |a marketing 
610 2 0 |a výskum 
610 2 0 |a agentúry 
610 2 0 |a Európska únia 
100 1 |a Hrušovská, Dana, 1964-